| 000 | 00365nam a22001577a 4500 | ||
|---|---|---|---|
| 003 | SGT | ||
| 082 |
_a615.53 _bS92U |
||
| 100 | _aUPADHYAY, SHITALA PRASAD | ||
| 245 | _aSRIKRISHNAYAMALAM MAHATANTRAM | ||
| 250 | _a1ST | ||
| 260 |
_aVARANASI _bPRACHYA PRAKASHAN _c1992 |
||
| 300 | _a343 | ||
| 650 | _aAYURVEDA | ||
| 653 | _aKRISHNA, MAHATANTRAM | ||
| 942 |
_2ddc _cRARE |
||
| 999 |
_c24122 _d24122 |
||